[Event "15th LCC Super Rapid 2025"]
[Site "London ENG"]
[Date "2025.12.06"]
[Round "1.29"]
[White "Gasanov, Eldar"]
[Black "Mittal, Aditya"]
[Result "1-0"]
[WhiteTitle "GM"]
[WhiteElo "2447"]
[BlackElo "1975"]
[WhiteFideId "14104466"]
[BlackFideId "499250"]
[EventDate "2025.12.06"]

1. d4 Nf6 2. c4 e6 3. Bg5 d5 4. e3 c5 5. cxd5 exd5 6. Nc3 Be6 7. Nf3 Nc6 8. Bb5
a6 9. Bxc6+ bxc6 10. Ne5 Qb6 11. O-O cxd4 12. exd4 Be7 13. Rc1 Rc8 14. Na4 Qb5
15. Nc5 O-O 16. a4 Qxb2 17. Nxe6 fxe6 18. Nxc6 Bd6 19. Bxf6 gxf6 20. Qg4+ Kf7
21. Qh5+ Kg7 22. Qg4+ Kf7 23. Rfe1 Rfe8 24. Rb1 Qd2 25. Qh5+ Kg7 26. g3 Bc7 27.
Qg4+ Qg5 28. Qxg5+ fxg5 29. Rb7 Kf6 30. Re3 g4 31. Na7 Bd6 32. Nxc8 Rxc8 33. Rb6
Ke7 34. Rxa6 Rc4 35. Ra7+ Kf6 36. Rxh7 Rxa4 37. Rh6+ Kf7 38. Rhxe6 Bb4 39. R6e5
Bd2 40. Rd3 Ra2 41. Rxd5 Be1 42. Rf5+ Ke6 43. Re5+ 1-0

[Event "15th LCC Super Rapid 2025"]
[Site "London ENG"]
[Date "2025.12.06"]
[Round "1.30"]
[White "Acharya, Nikesh"]
[Black "Royal, Shreyas"]
[Result "0-1"]
[BlackTitle "GM"]
[WhiteElo "1561"]
[BlackElo "2495"]
[WhiteFideId "343454771"]
[BlackFideId "448869"]
[EventDate "2025.12.06"]

1. e4 c6 2. d4 d5 3. Nc3 dxe4 4. Nxe4 Nf6 5. Bd3 Qxd4 6. Nf3 Qd8 7. O-O Nxe4 8.
Bxe4 Qxd1 9. Rxd1 Nd7 10. Bf4 Nf6 11. Bd3 Bg4 12. Be2 e6 13. h3 Bf5 14. Bd3 Bxd3
15. Rxd3 Nd5 16. Bg3 Be7 17. Rad1 O-O 18. c4 Nb6 19. b3 Rfd8 20. Bc7 Rxd3 21.
Rxd3 f6 22. a4 Kf7 23. Bxb6 axb6 24. Rd7 Rb8 25. Kf1 e5 26. Ke2 Ke6 27. Rd2 Ra8
28. Ra2 Bb4 29. Ra1 b5 30. Nd2 bxa4 31. bxa4 b5 32. Ne4 bxa4 33. Ra2 c5 34. g4
a3 35. Kd3 Rd8+ 36. Ke3 Rd1 37. f4 Re1+ 38. Kd3 exf4 39. Nd2 Re3+ 40. Kc2 Re2 0-1

[Event "15th LCC Super Rapid 2025"]
[Site "London ENG"]
[Date "2025.12.06"]
[Round "1.31"]
[White "Roebers, Eline"]
[Black "Basson, Heinrich"]
[Result "1-0"]
[WhiteTitle "IM"]
[WhiteElo "2392"]
[BlackElo "1900"]
[WhiteFideId "1058401"]
[BlackFideId "14301440"]
[EventDate "2025.12.06"]

1. e4 d5 2. Nc3 c6 3. Nf3 e6 4. d4 Nf6 5. e5 Nfd7 6. Ne2 c5 7. c3 Nc6 8. h4 h6
9. a3 Qb6 10. Nf4 Be7 11. b4 c4 12. Be2 Nf8 13. Be3 Qc7 14. a4 Bd7 15. Qd2 Rg8
16. Nh5 O-O-O 17. Bf4 Ng6 18. Bg3 Be8 19. Bd1 Kb8 20. Bc2 Nf8 21. Qe2 Ka8 22.
O-O Nd7 23. Rfb1 g6 24. Nf6 Nxf6 25. exf6 Bd6 26. Ne5 Nxe5 27. dxe5 Bf8 28. f3
Rc8 29. Bf2 h5 30. Bd4 Bd7 31. Qf2 b6 32. Rb2 Be8 33. Rba2 Bd7 34. b5 Bc5 35. a5
Kb8 36. axb6 Qxb6 37. Rxa7 1-0

[Event "15th LCC Super Rapid 2025"]
[Site "London ENG"]
[Date "2025.12.06"]
[Round "1.32"]
[White "Ward, Cian"]
[Black "Badacsonyi, Stanley"]
[Result "1/2-1/2"]
[BlackTitle "FM"]
[WhiteElo "1909"]
[BlackElo "2316"]
[WhiteFideId "475599"]
[BlackFideId "486973"]
[EventDate "2025.12.06"]

1. e4 e5 2. Nf3 Nc6 3. Bc4 Nf6 4. d3 h6 5. c3 d6 6. Nbd2 g6 7. O-O Bg7 8. Re1
O-O 9. Bb3 Kh7 10. h3 Nh5 11. Nf1 Be6 12. d4 Bxb3 13. axb3 exd4 14. cxd4 Nf6 15.
Ng3 Re8 16. h4 Qd7 17. Qd2 Qg4 18. Qf4 Qxf4 19. Bxf4 Nd7 20. Rec1 Rac8 21. Rd1
a6 22. Rac1 Nb6 23. Be3 d5 24. e5 f6 25. exf6 Bxf6 26. h5 Ne7 27. hxg6+ Kxg6 28.
Rc2 Nd7 29. Ne2 c6 30. Nf4+ Kf7 31. Nh5 Nf5 32. Nxf6 Kxf6 33. Bf4 Re4 34. Bh2
Rce8 35. Rcd2 Rg8 36. Be5+ Kf7 37. g3 Nh4 38. Nxh4 Rxh4 39. Rd3 Re4 40. f4 Re2
41. Rb1 h5 42. Kf1 Rh2 43. Kg1 Rc2 44. Kf1 h4 45. gxh4 Rh2 46. Rbd1 Rxh4 47. Ke2
Rh2+ 48. Kf3 Rh3+ 49. Kf2 Rh5 50. Rg3 Rh2+ 51. Kf3 Rxg3+ 52. Kxg3 Rxb2 53. Rd3
Ke6 54. Kg4 Rg2+ 55. Kf3 Rg8 56. Rd2 c5 57. Rh2 cxd4 58. Rh6+ Ke7 59. Rh7+ Kd8
60. Bxd4 Kc7 61. Rh5 Kc6 62. Rh6+ Kc7 63. Rh5 Re8 64. Rxd5 Re1 65. Be5+ Kd8 66.
Kf2 Rb1 67. Rd3 Ke7 68. Ke3 b6 69. Kd2 a5 70. Re3 Kf7 71. Bd6 Nf6 72. Kc2 Rf1
73. Re7+ Kg6 74. Be5 Nd5 75. Re6+ Kf5 76. Rd6 Ke4 77. Kb2 Rf2+ 78. Kb1 Rg2 79.
Re6 Kf5 80. Rd6 Ke4 81. Re6 Kf5 1/2-1/2

[Event "15th LCC Super Rapid 2025"]
[Site "London ENG"]
[Date "2025.12.06"]
[Round "1.33"]
[White "Bulmaga, Irina"]
[Black "Lukasiewicz, Aleksander"]
[Result "1-0"]
[WhiteTitle "IM"]
[WhiteElo "2386"]
[BlackElo "2063"]
[WhiteFideId "13903063"]
[BlackFideId "1134302"]
[EventDate "2025.12.06"]

1. e4 e5 2. Nf3 Nc6 3. d4 exd4 4. Nxd4 Nf6 5. Nxc6 bxc6 6. Bd3 d5 7. exd5 cxd5
8. O-O Be7 9. c4 O-O 10. Nc3 Be6 11. cxd5 Nxd5 12. Nxd5 Qxd5 13. Qc2 h6 14. Bh7+
Kh8 15. Be4 Qh5 16. Bxa8 Bd6 17. f4 Rxa8 18. Be3 Bd5 19. Rae1 c6 20. Bd4 Kg8 21.
a3 a5 22. Re3 Rb8 23. Rg3 Bf8 24. Re1 Qh4 25. Qf2 Qh5 26. Bc5 Bxc5 27. Qxc5 Rxb2
28. Qd4 Rxg2+ 29. Rxg2 Bxg2 30. Qd8+ Kh7 31. Qd3+ g6 32. Kxg2 Qg4+ 33. Qg3 Qd7
34. Qf3 1-0

[Event "15th LCC Super Rapid 2025"]
[Site "London ENG"]
[Date "2025.12.06"]
[Round "1.35"]
[White "Stefanova, Antoaneta"]
[Black "Hedger, Alec"]
[Result "1-0"]
[WhiteTitle "GM"]
[WhiteElo "2391"]
[BlackElo "1929"]
[WhiteFideId "2902257"]
[BlackFideId "453943"]
[EventDate "2025.12.06"]

1. d4 d5 2. Nf3 c6 3. Bf4 Nf6 4. e3 e6 5. Nbd2 Be7 6. h3 O-O 7. Bd3 c5 8. c3 b6
9. Qe2 Bb7 10. O-O Nbd7 11. Rad1 Re8 12. Ne5 Nxe5 13. dxe5 Nd7 14. e4 Bg5 15.
Bh2 c4 16. Bc2 b5 17. f4 Be7 18. Kh1 Qb6 19. f5 exf5 20. exd5 Bf6 21. Rxf5 g6
22. Rff1 Bxe5 23. Qf3 Rf8 24. Ne4 f5 25. Ng5 Qd6 26. Bxe5 Nxe5 27. Qg3 Rfe8 28.
Bxf5 Nf7 29. Qxd6 Nxd6 30. Be6+ Kg7 31. Nf7 Ne4 32. Kh2 Bc8 33. Bxc8 Raxc8 34.
d6 Nf6 35. d7 Kxf7 36. dxc8=Q Rxc8 37. Rd6 1-0

[Event "15th LCC Super Rapid 2025"]
[Site "London ENG"]
[Date "2025.12.06"]
[Round "1.36"]
[White "Duke, Dillan"]
[Black "Nainys, Zanas"]
[Result "1-0"]
[WhiteElo "2031"]
[BlackElo "2320"]
[WhiteFideId "487538"]
[BlackFideId "12844098"]
[EventDate "2025.12.06"]

1. e4 e6 2. d4 d5 3. Nc3 Nf6 4. e5 Nfd7 5. f4 c5 6. Nf3 Nc6 7. Be3 a6 8. Qd2 b5
9. a3 Rb8 10. Be2 b4 11. axb4 Rxb4 12. Nd1 a5 13. c3 Rb8 14. O-O cxd4 15. Nxd4
Nxd4 16. Bxd4 Nc5 17. Ra2 Nb3 18. Qe3 Nxd4 19. cxd4 Be7 20. Nc3 O-O 21. Bd3 g6
22. Ne2 Bd7 23. g4 Rb4 24. f5 Bg5 25. Qg3 Qb6 26. h4 Rxd4 27. Nxd4 Qxd4+ 28. Kg2
Bxh4 29. Qxh4 Qxd3 30. f6 Qe4+ 31. Kg1 Qe3+ 32. Qf2 Qxe5 33. Rxa5 h5 34. gxh5
Qxh5 35. Ra3 e5 36. Rg3 Rb8 37. Qa7 Rxb2 38. Rf2 Rb1+ 39. Rf1 Rxf1+ 40. Kxf1
Bb5+ 41. Kg2 Qe2+ 42. Kg1 Qe1+ 43. Kh2 Qd2+ 44. Kg1 Qc1+ 45. Kh2 Qc2+ 46. Kg1
Qc1+ 47. Kh2 Qc8 48. Rxg6+ Kf8 49. Qe7# 1-0

[Event "15th LCC Super Rapid 2025"]
[Site "London ENG"]
[Date "2025.12.06"]
[Round "1.37"]
[White "Balaji, Aaravamudhan"]
[Black "Tivillier, Jacques"]
[Result "1-0"]
[WhiteTitle "IM"]
[WhiteElo "2305"]
[BlackElo "1836"]
[WhiteFideId "436224"]
[BlackFideId "417254"]
[EventDate "2025.12.06"]

1. b4 e5 2. Bb2 Bxb4 3. Bxe5 Nf6 4. c3 Ba5 5. g3 Nc6 6. Bxf6 Qxf6 7. Bg2 Ne5 8.
d4 Ng4 9. Nf3 c6 10. O-O d5 11. a4 Qg6 12. Qb3 Bc7 13. Nbd2 O-O 14. a5 Re8 15.
e3 Rb8 16. c4 dxc4 17. Nxc4 Be6 18. Qc3 Nf6 19. Nce5 Bxe5 20. Nxe5 Qf5 21. a6
Bd5 22. f3 Qc8 23. e4 Be6 24. axb7 Rxb7 25. Qxc6 Rc7 26. Qa6 Qxa6 27. Rxa6 Nd7
28. Nxd7 Bxd7 29. Rfa1 Rc2 30. Rxa7 Bb5 31. Ra8 Kf8 32. h4 Rxa8 33. Rxa8+ Ke7
34. Ra7+ Ke6 35. Bh3+ Kd6 36. Rxf7 Rc1+ 37. Kf2 Rd1 38. Rxg7 Rxd4 39. Rxh7 Ke5
40. Rh5+ 1-0

[Event "15th LCC Super Rapid 2025"]
[Site "London ENG"]
[Date "2025.12.06"]
[Round "1.38"]
[White "Grose, Kameron"]
[Black "Timmermans, Mark"]
[Result "1-0"]
[BlackTitle "IM"]
[WhiteElo "1986"]
[BlackElo "2409"]
[WhiteFideId "474010"]
[BlackFideId "1026399"]
[EventDate "2025.12.06"]

1. e4 e5 2. Nf3 Nc6 3. Bc4 Nf6 4. d3 Be7 5. c3 O-O 6. O-O d6 7. Nbd2 Kh8 8. d4
Ng8 9. Re1 exd4 10. cxd4 Bg4 11. d5 Ne5 12. Be2 Ng6 13. h3 Bd7 14. Nf1 f5 15.
exf5 Bxf5 16. Ng3 Bd7 17. Bd3 Bf6 18. Qc2 Be8 19. Nf5 Bf7 20. Ne3 N8e7 21. Bc4
Nf4 22. Qe4 g5 23. Ng4 Nexd5 24. Bxf4 Nxf4 25. Bxf7 Rxf7 26. Qxb7 Bg7 27. Nxg5
Rf5 28. Ne6 Nxe6 29. Rxe6 h5 30. Nh2 Rb8 31. Qe4 Qf8 32. Re1 Rxf2 33. Qg6 Qf7
34. Re8+ Rxe8 35. Rxe8+ Bf8 36. Qh6+ Kg8 37. Qg5+ Kh7 38. Qe3 Rf5 39. Nf3 Bh6
40. Qe7 Kg7 41. Qe2 Qf6 42. Re7+ Kg8 43. Rxc7 a5 44. Qe8+ Bf8 45. Qd7 Qh6 46.
Qxf5 1-0

[Event "15th LCC Super Rapid 2025"]
[Site "London ENG"]
[Date "2025.12.06"]
[Round "1.39"]
[White "Camacho Collados, Jose"]
[Black "Chandrashekhar, Druha"]
[Result "1-0"]
[WhiteTitle "IM"]
[WhiteElo "2364"]
[BlackElo "1655"]
[WhiteFideId "2265427"]
[BlackFideId "495930"]
[EventDate "2025.12.06"]

1. Nf3 c5 2. c4 Nc6 3. g3 g6 4. Bg2 Bg7 5. Nc3 Nf6 6. d3 O-O 7. O-O a6 8. Be3 d6
9. h3 Rb8 10. d4 cxd4 11. Nxd4 Nxd4 12. Bxd4 Be6 13. Nd5 Bxd5 14. cxd5 Qd7 15.
Rc1 Rfc8 16. Qb3 b5 17. Rc6 Rxc6 18. dxc6 Qc7 19. Rc1 e5 20. Be3 Rd8 21. a4 Rb8
22. Qb4 Ne8 23. a5 Rc8 24. Bb6 Qb8 25. Qd2 Bf8 26. h4 Nc7 27. h5 Kg7 28. Bh3 Rd8
29. Bd7 Be7 30. Kg2 1-0

[Event "15th LCC Super Rapid 2025"]
[Site "London ENG"]
[Date "2025.12.06"]
[Round "1.40"]
[White "Jones, Chris S"]
[Black "Tayar, Jonathan"]
[Result "0-1"]
[BlackTitle "IM"]
[WhiteElo "1734"]
[BlackElo "2325"]
[WhiteFideId "414905"]
[BlackFideId "2606534"]
[EventDate "2025.12.06"]

1. e4 c5 2. Nf3 d6 3. d4 Nf6 4. Nc3 cxd4 5. Nxd4 a6 6. Be2 e5 7. Nb3 Be6 8. Be3
Nbd7 9. O-O Rc8 10. h3 Be7 11. Qd2 b5 12. f3 O-O 13. Rac1 Nb6 14. Bxb6 Qxb6+ 15.
Kh2 h6 16. Nd5 Bxd5 17. exd5 Nh5 18. g3 Nf6 19. Bd3 Nxd5 20. Bf5 Ne3 21. Bxc8
Nxf1+ 22. Rxf1 Rxc8 23. c3 a5 24. Qd3 a4 25. Nd2 a3 26. bxa3 Qa5 27. Ne4 Qxa3
28. Rf2 b4 0-1

[Event "15th LCC Super Rapid 2025"]
[Site "London ENG"]
[Date "2025.12.06"]
[Round "1.41"]
[White "Haydon, David L"]
[Black "Vliek, Dick"]
[Result "1-0"]
[WhiteTitle "FM"]
[WhiteElo "2284"]
[BlackElo "1800"]
[WhiteFideId "415405"]
[BlackFideId "1046632"]
[EventDate "2025.12.06"]

1. d4 Nf6 2. c4 g6 3. Nc3 Bg7 4. Nf3 d6 5. g3 O-O 6. Bg2 Nbd7 7. O-O e5 8. Qc2
Nh5 9. Bg5 f6 10. Be3 f5 11. dxe5 dxe5 12. Bg5 Qe8 13. Nd5 Rb8 14. Nxc7 Qf7 15.
Be3 f4 16. Bxa7 1-0

[Event "15th LCC Super Rapid 2025"]
[Site "London ENG"]
[Date "2025.12.06"]
[Round "1.42"]
[White "Figueroa, Edison"]
[Black "Czopor, Maciej"]
[Result "0-1"]
[BlackTitle "IM"]
[WhiteElo "1763"]
[BlackElo "2463"]
[WhiteFideId "439215"]
[BlackFideId "21805431"]
[EventDate "2025.12.06"]

1. e4 c5 2. d4 cxd4 3. c3 dxc3 4. Nxc3 Nc6 5. Nf3 e6 6. Bc4 Bb4 7. Qc2 d5 8.
exd5 exd5 9. Bb5 Ne7 10. O-O Bf5 11. Qa4 O-O 12. Bg5 f6 13. Bf4 Qa5 14. Bxc6
bxc6 15. Qxa5 Bxa5 16. Rac1 Rfe8 17. Rfd1 Bg4 18. Rd3 Rac8 19. h3 Ng6 20. Bg3
Bxf3 21. Rxf3 Ne5 22. Rf5 Nd3 23. Rc2 Kf7 24. Nxd5 cxd5 25. Rxc8 Rxc8 26. Rxd5
Nc5 27. a3 Bb6 28. b4 Ne4 29. Kh2 Nxg3 30. Kxg3 Rc3+ 31. f3 Rxa3 32. Rd7+ Kg6
33. Re7 Rb3 34. Re4 Bc7+ 35. Kf2 Rb2+ 36. Kf1 Bd6 37. g4 Bxb4 38. h4 h5 39. Rc4
a5 40. Rc7 hxg4 41. fxg4 a4 42. h5+ Kh6 43. Rc8 a3 44. Rh8+ Kg5 45. Rg8 a2 46.
Rxg7+ Kf4 47. Ra7 Kf3 48. Kg1 Rb1+ 49. Kh2 Bd6+ 50. Kh3 Rh1# 0-1

[Event "15th LCC Super Rapid 2025"]
[Site "London ENG"]
[Date "2025.12.06"]
[Round "1.44"]
[White "Ronald, Ted"]
[Black "Cancedda-Dupuis, Livio"]
[Result "0-1"]
[WhiteElo "1846"]
[BlackElo "2160"]
[WhiteFideId "343454658"]
[BlackFideId "499447"]
[EventDate "2025.12.06"]

1. e4 c5 2. Nc3 Nc6 3. g3 g6 4. Bg2 Bg7 5. d3 e6 6. Be3 b6 7. Qd2 Nge7 8. Bh6
O-O 9. h4 f6 10. O-O-O d5 11. exd5 Nxd5 12. Nxd5 exd5 13. h5 g5 14. Bxg7 Kxg7
15. Ne2 Bf5 16. Nc3 Be6 17. Rde1 Bf7 18. f4 h6 19. fxg5 fxg5 20. Rhf1 Qd6 21.
Rf5 Bg8 22. Nb5 Qxg3 23. Rxd5 Bxd5 24. Bxd5 Rae8 25. Rxe8 Rf1+ 26. Qd1 Qf4+ 0-1

[Event "15th LCC Super Rapid 2025"]
[Site "London ENG"]
[Date "2025.12.06"]
[Round "1.45"]
[White "Porras Mateo, Felipe"]
[Black "Kamath, Raghu"]
[Result "1-0"]
[WhiteTitle "FM"]
[WhiteElo "2356"]
[BlackElo "1853"]
[WhiteFideId "2279193"]
[BlackFideId "416924"]
[EventDate "2025.12.06"]

1. e4 e5 2. Nf3 Nc6 3. Bc4 Nf6 4. d4 exd4 5. e5 d5 6. Bb5 Ne4 7. Nxd4 Bd7 8.
Bxc6 bxc6 9. O-O Bc5 10. Be3 Qe7 11. Re1 O-O 12. f3 Ng5 13. Nc3 Ne6 14. Qd2 Rae8
15. Kh1 f5 16. exf6 Qxf6 17. Nxe6 Bxe6 18. Bxc5 1-0

[Event "15th LCC Super Rapid 2025"]
[Site "London ENG"]
[Date "2025.12.06"]
[Round "1.47"]
[White "Grutter, Tim"]
[Black "Mortazavi, Sami"]
[Result "1-0"]
[WhiteTitle "IM"]
[WhiteElo "2399"]
[BlackElo "1816"]
[WhiteFideId "1057472"]
[BlackFideId "343443834"]
[EventDate "2025.12.06"]

1. Nf3 d5 2. g3 c6 3. Bg2 Bg4 4. h3 Bxf3 5. Bxf3 e6 6. O-O Nf6 7. d3 Bd6 8. e4
Nbd7 9. Bg2 O-O 10. Qe2 a5 11. a4 h6 12. Nd2 Rc8 13. Kh1 e5 14. Nf3 d4 15. Nh4
c5 16. Nf5 Bb8 17. b3 Re8 18. h4 Nf8 19. Bh3 Rc6 20. Rg1 h5 21. g4 hxg4 22. Bxg4
Nxg4 23. Rxg4 g6 24. Bh6 Kh7 25. Bxf8 Rxf8 26. Rag1 Rg8 27. Rg5 Bd6 28. Qh5+ 1-0

[Event "15th LCC Super Rapid 2025"]
[Site "London ENG"]
[Date "2025.12.06"]
[Round "1.48"]
[White "MacNeil, Elliott"]
[Black "McPhillips, Joseph"]
[Result "0-1"]
[BlackTitle "IM"]
[WhiteElo "1888"]
[BlackElo "2388"]
[WhiteFideId "1803530"]
[BlackFideId "422487"]
[EventDate "2025.12.06"]

1. d4 Nf6 2. c4 e6 3. g3 d5 4. Bg2 Be7 5. Nf3 O-O 6. O-O c6 7. Nfd2 b6 8. Nc3
Ba6 9. b3 b5 10. c5 b4 11. Ncb1 e5 12. dxe5 Nfd7 13. Bb2 Nxc5 14. a3 Ne6 15.
axb4 Bxb4 16. Nc3 Re8 17. Re1 Bb7 18. h3 a5 19. f4 Nd7 20. e4 Ndc5 21. exd5 cxd5
22. Bf1 Bxc3 23. Bxc3 d4 24. Bb2 Qd5 25. Ne4 Nxe4 26. Bg2 N6c5 27. Bxd4 Red8 28.
Be3 Qe6 29. Qe2 Nxb3 30. Rab1 a4 31. Qb5 Bc6 32. Qb4 Nxg3 0-1

[Event "15th LCC Super Rapid 2025"]
[Site "London ENG"]
[Date "2025.12.06"]
[Round "1.49"]
[White "Kalavannan, Koby"]
[Black "Han, Qixuan"]
[Result "1-0"]
[WhiteTitle "FM"]
[WhiteElo "2275"]
[BlackElo "2045"]
[WhiteFideId "425753"]
[BlackFideId "496944"]
[EventDate "2025.12.06"]

1. c4 c6 2. Nf3 d5 3. b3 Nf6 4. Bb2 Bf5 5. Nh4 Bxb1 6. Rxb1 d4 7. Nf3 c5 8. b4
e6 9. bxc5 Bxc5 10. Qa4+ Nc6 11. Ba3 Bxa3 12. Rxb7 Qd6 13. Nxd4 Qxd4 14. Qxc6+
Kf8 15. e3 Qd8 16. Rb3 Rc8 17. Qa4 Bc5 18. d4 Bb6 19. Bd3 g6 20. c5 Ba5+ 21. Ke2
Nd5 22. Rc1 Kg7 23. Kf1 Re8 24. g3 Re7 25. Ba6 Ra8 26. Bb7 Rb8 27. Bxd5 Bd2 28.
Rd1 exd5 29. Rxb8 Qxb8 30. Rxd2 Qb1+ 31. Qd1 Qe4 32. Kg1 Rb7 33. Rc2 h5 34. c6
Rc7 35. h4 Qe6 36. Qc1 g5 37. e4 Qxe4 38. Qxg5+ Kf8 39. Qd8+ Kg7 40. Qxc7 Qxc2
41. Qe5+ f6 42. Qe7+ Kg6 43. c7 Qc1+ 44. Kg2 Qc2 45. Qe8+ 1-0

[Event "15th LCC Super Rapid 2025"]
[Site "London ENG"]
[Date "2025.12.06"]
[Round "1.51"]
[White "Willow, Jonah B"]
[Black "Sahoo, Shivam"]
[Result "1-0"]
[WhiteTitle "IM"]
[WhiteElo "2472"]
[BlackElo "1791"]
[WhiteFideId "438804"]
[BlackFideId "343419194"]
[EventDate "2025.12.06"]

1. e4 c5 2. Nf3 Nc6 3. Bb5 g6 4. O-O Bg7 5. Re1 Nf6 6. Bxc6 dxc6 7. d3 Nd7 8. e5
Nf8 9. h3 Ne6 10. a4 O-O 11. a5 Nd4 12. Nc3 Be6 13. Bf4 Qd7 14. Na4 Qd5 15. Ng5
c4 16. dxc4 Qxc4 17. b3 Qd5 18. c4 Qd8 19. Nc5 Bc8 20. Qd3 Bf5 21. Qc3 h6 22.
Nge4 Rb8 23. Ng3 1-0

[Event "15th LCC Super Rapid 2025"]
[Site "London ENG"]
[Date "2025.12.06"]
[Round "1.52"]
[White "Udovenko, Daniel"]
[Black "Buckley, Graeme N"]
[Result "1-0"]
[BlackTitle "IM"]
[WhiteElo "1927"]
[BlackElo "2256"]
[WhiteFideId "30957508"]
[BlackFideId "402265"]
[EventDate "2025.12.06"]

1. e4 c5 2. Nf3 Nc6 3. Bb5 g6 4. O-O Bg7 5. Bxc6 dxc6 6. d3 Nf6 7. h3 O-O 8. Nc3
Ne8 9. Be3 b6 10. Qd2 e5 11. Bh6 f6 12. a3 Nc7 13. b4 Ne6 14. Na4 cxb4 15. axb4
Rb8 16. Bxg7 Kxg7 17. Nb2 Rb7 18. Qe3 Qe7 19. c3 c5 20. bxc5 Nxc5 21. Rfe1 Nb3
22. Rad1 b5 23. d4 Na5 24. Ra1 Nb3 25. Rab1 exd4 26. cxd4 Na5 27. Ra1 Nc6 28.
Nd3 Nb4 29. Rec1 Nxd3 30. Qxd3 b4 31. Nd2 Rd8 32. Nb3 Be6 33. Nc5 Rb6 34. d5 Bf7
35. Nb3 Rd7 36. Rc5 Rc7 37. Rxc7 Qxc7 38. Nd4 Rb7 39. Rb1 a5 40. Nc6 Qb6 41. Rb3
Qc5 42. Qa6 Qc1+ 43. Kh2 Qf4+ 44. Rg3 Rd7 45. Qc8 Rd6 46. Qc7 h5 47. Nd8 h4 48.
Ne6+ Rxe6 49. Qxf4 hxg3+ 50. fxg3 Ra6 51. Qb8 a4 52. d6 Rxd6 53. Qxd6 b3 54. Qa3
Be8 55. Qe7+ Bf7 56. Qb4 Be8 57. g4 g5 58. Kg3 Kf7 59. Kf3 Ke6 60. g3 Bc6 61. h4
Be8 62. h5 Kf7 63. Qb7+ Ke6 64. h6 Bg6 65. Qc6+ Kf7 66. Qxa4 1-0

[Event "15th LCC Super Rapid 2025"]
[Site "London ENG"]
[Date "2025.12.06"]
[Round "1.53"]
[White "Lohia, Sohum"]
[Black "Buratti, Eliott"]
[Result "1-0"]
[WhiteTitle "IM"]
[WhiteElo "2391"]
[BlackElo "1728"]
[WhiteFideId "5819369"]
[BlackFideId "1354191"]
[EventDate "2025.12.06"]

1. e4 d5 2. exd5 Qxd5 3. Nc3 Qa5 4. d4 Nf6 5. Bd2 c6 6. h3 Bf5 7. g4 Bg6 8. f4
e6 9. Nf3 Qc7 10. Bg2 Nbd7 11. O-O O-O-O 12. Qe2 h5 13. g5 Nd5 14. Ne5 N7b6 15.
Nxg6 fxg6 16. Qxe6+ Kb8 17. Nxd5 Nxd5 18. c4 Nb4 19. Qxg6 Rxd4 20. Bc3 Rxc4 21.
Be5 1-0

[Event "15th LCC Super Rapid 2025"]
[Site "London ENG"]
[Date "2025.12.06"]
[Round "1.54"]
[White "Brennan, Henry"]
[Black "Ciolek, Andreas"]
[Result "0-1"]
[BlackTitle "FM"]
[WhiteElo "1854"]
[BlackElo "2206"]
[WhiteFideId "343447856"]
[BlackFideId "12906727"]
[EventDate "2025.12.06"]

1. e4 c5 2. Nf3 e6 3. c3 Nf6 4. e5 Nd5 5. d4 cxd4 6. cxd4 d6 7. Bc4 Be7 8. O-O
O-O 9. Bxd5 exd5 10. Nc3 Be6 11. Qb3 Qd7 12. Bg5 Nc6 13. Bxe7 Nxe7 14. Rac1 Nc6
15. exd6 Qxd6 16. Rfe1 Rab8 17. Ne5 Nxd4 18. Qd1 Nc6 19. Nb5 Qe7 20. Nxc6 bxc6
21. Nd4 Rxb2 22. Rxc6 Rxa2 23. h3 Qh4 24. g3 Qxh3 25. Nxe6 fxe6 26. Re2 Rxe2 27.
Qxe2 Re8 28. Rc7 Qf5 29. Rxa7 Qf6 30. Qb5 Rf8 31. Qe2 h6 32. Ra6 Re8 33. Qd3 Rb8
34. Qe3 Re8 35. Kg2 Qf7 36. Qe5 Qf5 37. Qe3 e5 38. Ra5 e4 39. Qd4 Re5 40. Ra8+
Kh7 41. Ra3 h5 42. Re3 Re6 43. Ra3 Rf6 44. Ra5 Qf3+ 45. Kg1 Rc6 46. Ra1 Rc2 47.
Rf1 Qf5 48. Rd1 Re2 49. Rd2 Re1+ 50. Kh2 Qf3 0-1

[Event "15th LCC Super Rapid 2025"]
[Site "London ENG"]
[Date "2025.12.06"]
[Round "1.55"]
[White "Siva, Mahadevan"]
[Black "Islam, Mohammed"]
[Result "1-0"]
[WhiteTitle "IM"]
[WhiteElo "2424"]
[BlackElo "1809"]
[WhiteFideId "25043153"]
[BlackFideId "10211870"]
[EventDate "2025.12.06"]

1. e4 e5 2. Nf3 Nc6 3. Bb5 a6 4. Ba4 Nf6 5. O-O b5 6. Bb3 Be7 7. Re1 d6 8. c3
O-O 9. h3 Bb7 10. d4 Re8 11. Nbd2 Na5 12. dxe5 dxe5 13. Nxe5 Nxb3 14. Qxb3 Rf8
15. a4 Bd6 16. Nef3 Bf4 17. axb5 axb5 18. Rxa8 Qxa8 19. Qxb5 Bxd2 20. Nxd2 Nxe4
21. Nxe4 Bxe4 22. f3 c6 23. Qc5 Bd5 24. Be3 Qa2 25. Qxf8+ 1-0